| 000 | 00665cam a2200229 4500 | ||
|---|---|---|---|
| 001 | WB3628-28 | ||
| 008 | 000000n2000 000 0 eng u | ||
| 035 | _a(Sirsi) u107230 | ||
| 245 | _aRestrictive covenant | ||
| 260 | _c2000 | ||
| 490 |
_aEstates Gazette _v(0028) 15 July 2000, 143(1) |
||
| 520 | _aDiscusses the recent ruling in "Jillas' Application" which concerned the modification of a restrictive covenant. | ||
| 590 | _aWB | ||
| 650 | _aRESTRICTIVE COVENANTS | ||
| 650 | _aPLANNING PERMISSION | ||
| 650 | _aPLANNING CONSENT | ||
| 650 | _aLANDS TRIBUNAL | ||
| 650 | _aMODIFICATION | ||
| 650 | _aDISCHARGE | ||
| 690 | _aPROPERTY | ||
| 942 | _n0 | ||
| 999 |
_c64108 _d64108 |
||